000
00290nam a2200145Ia 4500
100
_a
#N/A
650
_a
Computer/ IT
250
_a
2 nd
942
_c
BK
654
_a
microsoft
245
_a
SQL
260
_b
#N/A
_c
2003
082
_a
005.133'sql' / GRO / WEI
_b
18177
546
_a
ENGLISH
999
_c
35110
_d
35110